000 004390000a22001690004500
003 MACL
005 20151227151941.0
008 151227b xxu||||| |||| 00| 0 eng d
040 _aMACL
_cMACL
041 _aEnglish
082 _a030.54/BHA
100 _aBhattacherje, S B
_95793
245 _aEncyclopaedia Indian Events & Dates
260 _bSterling Publishing
_c1986
650 _aEncyclopaedia
_923407
942 _cBK
_k030.54/Bha
_2ddc
999 _c33682
_d33682